000 00878nam a2200217 a 4500
003 0
005 20250402143422.0
008 050810s19uu xx 00 eng d
050 _aPGS HV 5132
_b.T665 2005
100 _aTongo, Samantha Alyssa.
245 _aThe effects of drinking beverages on the physical, emotional condition of people /
_cSamantha Alyssa Tongo.
260 _aLas PiƱas City, Philippines :
_bSouthville International School and Colleges,
_c2005.
300 _a29 pages :
_billustrations ;
_c28 cm.
504 _aIncludes bibliographical references.
650 _aAlcoholic beverages
_vHealth aspects.
650 _aDrinking habits
_vEmotional impact on families.
650 _aSubstance abuse
_vEffects on family members.
650 _aChildren of alcoholics
_vPsychological effects.
650 _aAlcoholism
_vFamily relationships.
942 _2lcc
_cPASS
999 _c97433
_d97433